Mastering windows NT server 4

Gardado en:
Detalles Bibliográficos
Autor Principal: Minasi, Mark (autor)
Formato: Libro
Idioma:inglés
Publicado: San Francisco Network 1998
Edición:5a. ed
Subjects:
Tags: Engadir etiqueta
Sen Etiquetas, Sexa o primeiro en etiquetar este rexistro!

MARC

LEADER 00000nam a2200000 a 4500
001 UCP0516
003 CL-VaPUC
008 990313e19980000US |||||||||||||||||eng|d
082 0 4 |a 005.369  |b MIN  |2 21 
100 |a Minasi, Mark  |e autor  |9 425835 
245 1 0 |a Mastering windows NT server 4 
250 |a 5a. ed 
300 |a 1619 p 
942 |c BK 
945 |d 19990313 00:00:00  |a aarredon 
260 |a San Francisco  |b Network  |c 1998 
650 0 |a Windows NT  |9 335417 
650 0 |a Programas computacionales  |9 392922 
650 7 |a FUNCIONAMIENTO EN RED  |2 CL-VaPUC  |9 425837 
650 0 |a Sistemas operativos   |9 260288 
650 0 |a Redes de información  |9 230208 
650 0 |a Lenguajes de programación   |9 259458 
583 |a last modification  |c 20150106 02:40:25  |k Rodrigo Vera 
999 |c 279288  |d 279286 
952 |0 0  |1 0  |4 0  |6 005_369000000000000_MIN_1998  |7 0  |8 A  |9 318308  |a BIBING  |b BIBING  |d 2019-11-20  |i 3497143  |o 005.369 MIN 1998  |p 3497143  |r 2025-01-20  |w 2019-11-20  |y BK  |k EII